000 00476nam a2200169Ia 4500
003 GCL
008 140319s9999 xx 000 0 eng d
040 _aGCL /
_cGCL
082 0 4 _a938.0072
_bB A
100 1 _aBUCKLEY, TERRY
245 1 0 _aASPECTS OF GREEK HISTORY: 750 - 323 BC: A SOURCE - BASED APPROACH /
_cBUCKLEY, TERRY
260 _a[S.N] :
_bROUTLEDGE ،
_c1996
300 _a542 P
650 0 4 _aGREEK - HISTORY TO 146 BC
650 0 4 _aHISTOGRAPHY
942 _2ddc
_cBK
999 _c13546
_d13546